All Clubs Ander Herrera Has Played For - Statistics

General Stats
  • This quiz has been taken 17 times
    4 since last reset
  • The average score is 4 of 9
Answer Stats
Year Appearances Goals Answer % Correct
2014-2019 189 20 Manchester United
100%
2011-2014 128 11 Athletic Bilbao
67%
2022-2023(Loan) 11 0 Athletic Bilbao
67%
2023-2025 50 0 Athletic Bilbao
67%
2019-2023 95 6 Paris Saint-Germain
67%
2016-2017(Nationality) 2 0 Spain
67%
2025-Present 28 1 Boca Juniors
0%
2009-2011 84 6 Zaragoza
0%
2008-2009 10 2 Zaragoza B
0%
No matching quizzes found
Score Distribution
Percent of People with Each Score
Percentile by Number Answered
Your Score History
You have not taken this quiz since the last reset